000 00463nam a2200181Ia 4500
003 OSt
005 20260119160123.0
008 210210b1956 xxu||||| |||| 00| 0 eng d
040 _cAL
041 _aKannada
082 _a859/254
100 _aUSHADEVI
_9148550
_dಉಷಾದೇವಿ
245 _aMoggina jade:
_bಮೊಗ್ಗಿನ ಜಡೆ
260 _aBengaluru
_b-
_c1956
690 _aKannada Fiction
_9148551
906 _a021127
942 _2ddc
_cBK
999 _c145189
_d145189